| 000 | 01076cam a2200217 4500 | ||
|---|---|---|---|
| 001 | ABS64622 | ||
| 008 | 011026n2001 000 0 eng u | ||
| 035 | _a(Sirsi) u115336 | ||
| 100 | _aHemsley, A | ||
| 245 | _aSomething rotten | ||
| 260 | _c2001 | ||
| 490 |
_aBuilding _v266(8204) 5 October 2001, 58(1) |
||
| 520 | _aArgues that the payment provisions introduced by the Construction Act 1996 are confusing to practictoners. Points a number of discrepancies regarding payment in construction contracts such as the 'due date for payment', the mandatory notice, the 'withholding notice', the idea of a 'final date for payment', and the supposedly strict regime for payments. Concludes that the current payment arrangements must be revised so practioners know what they are doing. | ||
| 590 | _aABS | ||
| 650 | _aHOUSING GRANTS, CONSTRUCTION AND REGENERATION ACT 1996 | ||
| 650 | _aBUILT ENVIRONMENT-BUILDING CONTRACT FORMS | ||
| 650 | _aPAYMENT PROVISIONS | ||
| 650 | _aCONSTRUCTION INDUSTRY | ||
| 690 | _aBUILT ENVIRONMENT-BUILDING CONTRACT FORMS | ||
| 942 | _n0 | ||
| 999 |
_c68689 _d68689 |
||